[Event "AUT Bundesliga 2021-22"]
[Site "Graz"]
[Date "2022.03.24"]
[Round "5.26"]
[White "Bosiocic, Marin"]
[Black "Neugebauer, Martin"]
[Result "1/2-1/2"]
[WhiteElo "2522"]
[BlackElo "2502"]
[Annotator "TA"]
[PlyCount "81"]
[EventDate "2021.11.04"]
[EventType "team-tourn"]
[EventCountry "AUT"]
[SourceTitle "playchess.com"]
[Source "ChessBase"]
[SourceQuality "1"]

{[%evp 10,81,13,12,17,12,14,12,8,5,21,20,17,24,43,47,66,61,59,51,69,0,0,9,7,0,12,-60,-64,-68,-61,-57,-62,-75,-54,-53,-46,-51,-57,-42,-51,-75,-38,-15,0,0,0,0,0,0,0,-27,-25,-20,-18,-25,-18,-16,-14,-18,-16,-18,-15,-16,-14,-15,-9,-11,-1,-1,0,0,0,0]} 1. d4 Nf6 2. c4 e6 3. Nf3 b6 4. g3 Ba6 5. Nbd2 Bb7 6. Bg2 d5 {E15: Queen's Indian: 4 g3 sidelines, 4 g3 Ba6 and 4 g3 Bb7 early deviations.} 7. Ne5 Be7 8. Qa4+ c6 9. cxd5 exd5 10. O-O O-O 11. e4 {[#]} b5 $146 ({Predecessor:} 11... Nfd7 12. Nd3 Na6 13. Nf4 Nc7 14. Qb3 a5 15. Rd1 a4 16. Qc2 Re8 17. Nb1 b5 {½-½ (42) Kortschnoj,V (2615)-Epishin,V (2650) Dortmund 1994}) 12. Qc2 Qb6 13. Re1 {White is more active.} Na6 {[%cal Bb8a6,Ba6c5,Bc5e6,Be6d4,Bd4e2][%mdl 32]} 14. a3 {Prevents Nb4.} Rac8 15. b4 (15. exd5 $14 cxd5 16. Qd3) 15... c5 $1 $11 16. bxc5 Nxc5 17. exd5 {Hoping for Nc6.} Ne6 18. Ndc4 Nxd4 $15 19. Nxb6 Rxc2 20. Nbd7 Ne2+ ({Don't take} 20... Nxd5 21. Nxf8 Kxf8 22. Bxd5 Bxd5 23. Be3 $16) 21. Kf1 $1 Nxd7 (21... Nxc1 {feels hotter.} 22. Nxf8 Nb3 23. Rad1 Bxf8 24. d6 Nd2+) 22. Nxd7 {[#]} Rd8 {[%cal Ob7a6] aiming for ...Ba6!} 23. Rxe2 Rxe2 24. Kxe2 {Ne5 is the strong threat.} Rxd7 25. Be3 a6 ({But not} 25... Bxd5 26. Bxd5 Rxd5 27. Bxa7 $11) 26. a4 $1 Bxd5 27. Bxd5 Rxd5 28. axb5 axb5 $11 {[%mdl 4096] Endgame KRB-KRB} 29. Ra8+ Rd8 30. Ra7 Bd6 31. Rb7 Rb8 32. Rd7 Bf8 33. Bf4 {The position is equal.} Re8+ 34. Kf3 b4 35. Rb7 Ra8 {[%cal Be8a8,Ba8a1,Ba1e1][%mdl 32]} 36. g4 f6 37. h4 Ra1 38. g5 fxg5 39. hxg5 Re1 40. Be3 Rd1 41. Ke4 {Weighted Error Value: White=0.09 (flawless) /Black=0.05 (flawless)} 1/2-1/2

[Event "AUT Bundesliga 2021-22"]
[Site "Graz"]
[Date "2022.03.24"]
[Round "5.27"]
[White "Mira, Helene"]
[Black "Brkic, Ante"]
[Result "0-1"]
[WhiteElo "2090"]
[BlackElo "2607"]
[Annotator "TA"]
[PlyCount "86"]
[EventDate "2021.11.04"]
[EventType "team-tourn"]
[EventCountry "AUT"]
[SourceTitle "playchess.com"]
[Source "ChessBase"]
[SourceQuality "1"]

{[%evp 19,86,22,27,13,33,0,9,-24,0,0,38,-15,0,-1,0,0,0,-11,-5,-20,-22,-24,-17,-47,-17,-21,-18,-20,-21,-57,-53,-114,-95,-113,-70,-90,-37,-34,-29,-127,-129,-137,-124,-139,-122,-130,-128,-130,-118,-277,-310,-268,-252,-266,-264,-271,-258,-260,-218,-943,-850,-2890,-3358,-29974,-29975,-29981,-29982,-29989,-29990]} 1. d4 Nf6 2. c4 e6 3. Nc3 Bb4 4. Nf3 O-O 5. e3 d5 6. Bd3 c5 7. O-O Nc6 8. cxd5 exd5 9. dxc5 Bxc5 10. b3 Bg4 $1 {10...Bg4 scores better than 10...Qe7.} 11. h3 {E56: Nimzo-Indian: Rubinstein: Main Line: 7...Nc6.} Bh5 {[#]} 12. g4 $146 ({Predecessor:} 12. Bb2 a6 13. Rc1 Ba7 14. Be2 Qd6 15. Nd4 Bg6 16. Nxc6 bxc6 17. Bf3 Bb8 18. g3 Ba7 {1-0 (31) Srbis,J (2445)-Nikcevic,N (2415) Mali Losinj 2019}) 12... Bg6 13. Bxg6 {The position is equal.} hxg6 14. Bb2 Re8 15. Ne2 (15. Kg2 $14) 15... Qd6 16. Bxf6 Qxf6 17. Kg2 (17. Qxd5 Rad8 18. Qxc5 Qxf3 $15) 17... Rad8 18. Ned4 Re4 {[%cal Rc6d4]} 19. Nxc6 bxc6 20. Rc1 Bb6 21. Qc2 c5 22. Rfd1 {[%cal Od1d5]} Qe7 23. Nd2 Re6 {[%cal Of7f5]} 24. Re1 f5 25. gxf5 (25. Qd3 $1 $15) 25... gxf5 26. Nf3 {Prevents Qg5+.} ({Not} 26. Qxf5 $2 Rf8 27. Qh5 (27. Qxd5 $2 Rd8 $19) 27... Ba5 $19) 26... Rg6+ (26... Qf6 $17 27. Qd3 Qg6+ 28. Kh1 Qh5) 27. Kf1 $15 Qe6 {Black is more active.} ({Better is} 27... Qe4 $17 28. Qxe4 fxe4) 28. Nh4 {[%csl LRf5,LRg6]} Rf6 {Strongly threatening ...f4.} 29. f4 (29. Nf3 $1 $11 {remains equal.}) 29... Qe4 $1 $17 {Hoping for ...Qh1+.} 30. Qg2 {To avoid Qh1+} d4 $36 {[%mdl 2048] Black has strong initiative.} 31. Rc4 Ba5 {Dancing on a razor blade.} 32. Qxe4 fxe4 33. Rd1 Bb6 ({Don't do} 33... dxe3 34. Rxd8+ Bxd8 35. Rxe4 $14) 34. Ke2 $2 {[#] This move loses the game for White.} (34. Ng2 $17 {keeps fighting.}) 34... Rh6 $1 $19 35. Nf5 Rxh3 36. exd4 g6 ({Wrong is} 36... cxd4 $2 37. Nxd4 Rd6 38. f5) 37. Ne7+ Kf7 38. Nc6 {[#]} Rd5 39. Rg1 $2 (39. Kd2) 39... cxd4 {[%cal Bc5d4,Bd4d3,Bd3d2][%mdl 32] White must now prevent ...d3+.} 40. Ne5+ {[#]} Rxe5 $1 {[%mdl 512]} 41. fxe5 (41. Rf1 Ra5) 41... d3+ {[%mdl 64] Discovered Attack. Black mates.} 42. Kf1 Bxg1 43. Kxg1 d2 {Weighted Error Value: White=0.77/Black=0.07 (flawless)} 0-1

[Event "AUT Bundesliga 2021-22"]
[Site "Graz"]
[Date "2022.03.24"]
[Round "5.28"]
[White "Martinovic, Sasa"]
[Black "Kozissnik, Christian"]
[Result "1-0"]
[WhiteElo "2554"]
[BlackElo "2018"]
[Annotator "TA"]
[PlyCount "97"]
[EventDate "2021.11.04"]
[EventType "team-tourn"]
[EventCountry "AUT"]
[SourceTitle "playchess.com"]
[Source "ChessBase"]
[SourceQuality "1"]

{[%evp 9,97,32,47,45,47,45,45,30,35,40,77,80,124,96,114,114,168,179,168,94,85,93,81,81,116,107,119,118,120,99,164,161,164,61,62,57,127,92,82,58,157,143,145,156,142,159,143,151,160,149,285,270,275,271,383,370,422,408,409,367,910,837,833,829,727,420,610,592,1267,1084,917,909,1958,3696,2737,2726,2287,1953,1446,1417,1835,1706,12839,12838,12841,12842,12842,12843,12843,6518]} 1. d4 c6 2. Nf3 d5 3. Bf4 Nf6 4. e3 Nh5 5. Be5 Qb6 6. Nbd2 {[#] D02: 1 d4 d5 2 Nf3 sidelines, including 2...Nf6 3 g3 and 2...Nf6 3 Bf4.} (6. c4 {looks sharper.} Qxb2 7. Nbd2 e6 8. Rb1 Qa3 9. Bxb8 Rxb8 10. Ne5) 6... f6 $146 ({Predecessor:} 6... Nd7 7. c4 f6 8. c5 Qd8 9. Bg3 Nxg3 10. hxg3 e5 11. Nh4 Rg8 12. Qh5+ g6 13. Qxh7 Rg7 14. Qh6 Rg8 15. Qh7 Rg7 {½-½ (15) Penafiel Lopez,J (2318)-Morales Pecino,B (2343) ICCF email 2008}) 7. Bxb8 Rxb8 8. Bd3 {White is slightly better.} g6 $1 {[%cal Oe7e5]} 9. c4 Bd7 10. Qc2 f5 (10... Rc8 $142) 11. Ne5 $1 $36 {[%cal Og2g4][%mdl 2048] White has strong initiative.} Nf6 {Prevents g4.} 12. O-O-O Ne4 (12... Bg7 $16) 13. Nb3 $18 {Pair of Knights!} (13. Nxe4 $6 fxe4 14. Be2 Bg7 $14) ({Don't play} 13. Bxe4 $6 fxe4 14. Kb1 (14. Nxd7 Kxd7 15. Kb1 e6 $16) 14... Bg7 $16) 13... e6 14. Nxd7 (14. Bxe4 $18 dxe4 15. Qc3) 14... Kxd7 $16 15. f3 Nf6 16. e4 Qc7 17. Kb1 $1 {Strongly threatening cxd5.} fxe4 18. fxe4 dxe4 19. Bxe4 {[%cal Oc2c3]} Re8 {[#]} (19... Bd6 $16 {was necessary.}) 20. Rhf1 $1 $18 ({Resist} 20. Rdf1 $6 Bg7 $14) 20... Bg7 21. Rf3 (21. Nc5+ $18 Kc8 22. Bf3) 21... Kc8 22. Nc5 {Hoping for Rb3.} Rhf8 ({Better is} 22... Re7 $1 $14) 23. Ra3 {White is much more active.} Nxe4 24. Qxe4 Rf4 {[#]} (24... Qf4 $14) 25. Rxa7 $1 $16 {Threatening mate with Ra8+.} Rxe4 26. Ra8+ Qb8 27. Rxb8+ Kxb8 28. Nxe4 {[%mdl 4096] Endgame KRB-KRN} Rd8 {[#]} 29. Ng5 $1 Rxd4 (29... Rd6 $16 {keeps fighting.} 30. c5 Rxd4 31. Rxd4 Bxd4) 30. Rxd4 $18 Bxd4 31. Nxh7 $16 {KB-KN} ({Not} 31. Nxe6 Be5 $16) 31... Bg7 (31... Kc7 $142 32. Nf8 e5 33. Nxg6 Kd6) 32. Ng5 $18 e5 33. Kc2 Kc8 34. b4 b5 $2 (34... Bf6) 35. cxb5 cxb5 36. Kd3 Kd7 37. Ne4 Ke6 (37... Bh6 $142 38. h4 Bf8 39. Nc5+ Kc6) 38. g4 {[%cal Bg2g4,Bg4g5][%mdl 32] White is clearly winning.} Kd5 39. Nc3+ Kc6 40. h4 Bf8 41. a3 Bh6 42. g5 Bf8 43. Ke3 Be7 44. Ke4 {Nd5 is the strong threat.} Bd6 45. Ne2 Bf8 46. Kxe5 Bg7+ 47. Ke6 Bb2 48. Nf4 Bxa3 49. Nd3 {Weighted Error Value: White=0.17 (very precise) /Black=0.43} 1-0

[Event "AUT Bundesliga 2021-22"]
[Site "Graz"]
[Date "2022.03.24"]
[Round "5.29"]
[White "Moosbrugger, Alexander"]
[Black "Mazi, Leon"]
[Result "0-1"]
[WhiteElo "1963"]
[BlackElo "2347"]
[Annotator "NA"]
[PlyCount "98"]
[EventDate "2021.11.04"]
[EventType "team-tourn"]
[EventCountry "AUT"]
[SourceTitle "playchess.com"]
[Source "ChessBase"]
[SourceQuality "1"]
[TimeControl "40/5400+30:1800+30"]

1. e4 {[%emt 0:00:30]} c5 {[%emt 0:00:37]} 2. g3 {[%emt 0:00:00]} Nc6 {[%emt 0:02:39]} 3. Bg2 {[%emt 0:00:16]} g6 {[%emt 0:01:42]} 4. d3 {[%emt 0:00:30]} Bg7 {[%emt 0:00:50]} 5. Ne2 {[%emt 0:00:36]} e6 {[%emt 0:00:50]} 6. Nbc3 {[%emt 0:00:59]} Nge7 {[%emt 0:01:13]} 7. O-O {[%emt 0:06:59]} O-O {[%emt 0:00:48]} 8. Bf4 {[%emt 0:12:28]} d6 {[%emt 0:05:51]} 9. Qd2 {[%emt 0:02:19]} a6 {[%emt 0:02:48]} 10. Bh6 {[%emt 0:02:59]} Nd4 {[%emt 0:08:29]} 11. Bxg7 {[%emt 0:04:37]} Kxg7 $14 {[%emt 0:01:06]} 12. Nxd4 {[%emt 0:05:09]} cxd4 {[%emt 0:00:05]} 13. Ne2 {[%emt 0:00:09]} e5 {[%emt 0:06:46]} 14. f4 {[%emt 0:04:06]} f6 {[%emt 0:05:16]} 15. c3 {[%emt 0:08:34]} dxc3 {[%emt 0:01:35]} 16. bxc3 {[%emt 0:05:19]} Qc7 {[%emt 0:03:02]} 17. Rac1 {[%emt 0:08:09]} Be6 {[%emt 0:03:08]} 18. c4 {[%emt 0:03:14]} Rac8 {[%emt 0:02:42]} 19. h3 {[%emt 0:01:07]} b5 {[%emt 0:12:45]} 20. cxb5 {[%emt 0:07:16]} Qb6+ {[%emt 0:00:15]} 21. Kh2 {[%emt 0:02:40]} axb5 {[%emt 0:00:19]} 22. d4 {[%emt 0:02:32]} Bc4 {[%emt 0:02:19]} 23. fxe5 {[%emt 0:01:55]} dxe5 {[%emt 0:02:02]} 24. d5 {[%emt 0:02:19]} Ra8 {[%emt 0:01:20]} 25. Rc2 {[%emt 0:04:04]} Nc8 {[%emt 0:01:42]} 26. Rfc1 {[%emt 0:02:59]} Nd6 {[%emt 0:01:05]} 27. Qb4 {[%emt 0:03:40]} Ra4 {[%emt 0:02:44]} 28. Qd2 {[%emt 0:01:06]} Rfa8 {[%emt 0:00:51]} 29. Nc3 {[%emt 0:01:12]} Ra3 {[%emt 0:00:39]} 30. Rb1 {[%emt 0:03:09]} Qd4 {[%emt 0:08:44]} 31. Rd1 {[%emt 0:03:03]} Qxd2 {[%emt 0:09:03]} 32. Rdxd2 {[%emt 0:00:17]} R8a7 {[%emt 0:03:56]} 33. g4 {[%emt 0:00:52]} Kf7 {[%emt 0:02:57]} 34. Kg1 {[%emt 0:00:19]} b4 {[%emt 0:00:56]} 35. Nb1 {[%emt 0:01:00]} Rxa2 {[%emt 0:00:51]} 36. Rb2 {[%emt 0:00:47]} b3 {[%emt 0:02:23]} 37. Nc3 {[%emt 0:00:42]} Ra1+ {[%emt 0:01:19]} 38. Kh2 {[%emt 0:00:11]} Rc1 {[%emt 0:01:11]} 39. Nd1 {[%emt 0:00:43]} Ra2 {[%emt 0:00:56]} 40. Ne3 {[%emt 0:00:00]} Rxb2 {[%emt 0:00:00]} 41. Rxb2 {[%emt 0:02:34]} Rc3 {[%emt 0:02:34]} 42. Nd1 {[%emt 0:02:51]} Rc2 {[%emt 0:00:44]} 43. Kg3 {[%emt 0:00:46]} Nb5 {[%emt 0:00:46]} 44. Rb1 {[%emt 0:00:45]} Nc3 {[%emt 0:01:55]} 45. Nxc3 {[%emt 0:00:45]} Rxc3+ {[%emt 0:00:05]} 46. Kh2 {[%emt 0:02:42]} Bd3 {[%emt 0:00:42]} 47. Rb2 {[%emt 0:00:17]} Ke7 {[%emt 0:00:37]} 48. Kg1 {[%emt 0:00:31]} Rc1+ {[%emt 0:00:57]} 49. Kh2 {[%emt 0:00:22]} Bc2 {[%emt 0:00:16]} 0-1

[Event "AUT Bundesliga 2021-22"]
[Site "Graz"]
[Date "2022.03.24"]
[Round "5.30"]
[White "Dietmayer-Kraeutler, Marco"]
[Black "Amann, Harald"]
[Result "1-0"]
[WhiteElo "2312"]
[BlackElo "1913"]
[Annotator "NA"]
[PlyCount "87"]
[EventDate "2021.11.04"]
[EventType "team-tourn"]
[EventCountry "AUT"]
[SourceTitle "playchess.com"]
[Source "ChessBase"]
[SourceQuality "1"]
[TimeControl "40/5400+30:1800+30"]

1. d4 {[%emt 0:00:03]} d5 {[%emt 0:00:50]} 2. c4 {[%emt 0:00:06]} e6 {[%emt 0:00:23]} 3. Nc3 {[%emt 0:00:21]} Nf6 {[%emt 0:00:16]} 4. Nf3 {[%emt 0:01:01]} Be7 {[%emt 0:00:18]} 5. Bg5 {[%emt 0:00:26]} c6 {[%emt 0:00:25]} 6. e3 {[%emt 0:00:05]} Nbd7 {[%emt 0:00:53]} 7. Qc2 {[%emt 0:00:28]} O-O {[%emt 0:00:26]} 8. cxd5 {[%emt 0:02:18]} exd5 {[%emt 0:00:43]} 9. Bd3 {[%emt 0:00:08]} h6 {[%emt 0:02:03]} 10. Bh4 {[%emt 0:00:41]} Re8 {[%emt 0:00:49]} 11. O-O {[%emt 0:02:39]} Ne4 {[%emt 0:32:11]} 12. Bxe7 {[%emt 0:05:07]} Qxe7 {[%emt 0:03:01]} 13. Bxe4 {[%emt 0:00:08]} dxe4 {[%emt 0:00:42]} 14. Nd2 {[%emt 0:00:06]} Nf6 {[%emt 0:02:04]} 15. Rab1 {[%emt 0:03:31]} b6 {[%emt 0:05:22]} 16. Qa4 {[%emt 0:03:36]} Bd7 {[%emt 0:00:37]} 17. Qa6 {[%emt 0:02:19]} Be6 {[%emt 0:11:04]} 18. Rfc1 {[%emt 0:09:01]} Rad8 {[%emt 0:04:43]} 19. b4 {[%emt 0:02:41]} c5 {[%emt 0:11:41]} 20. bxc5 {[%emt 0:08:28]} bxc5 {[%emt 0:00:22]} 21. Nb5 {[%emt 0:04:32]} cxd4 {[%emt 0:10:57]} 22. Nxd4 {[%emt 0:00:40]} Bd5 {[%emt 0:00:50]} 23. h3 {[%emt 0:06:03]} Qd7 {[%emt 0:05:44]} 24. Nf1 {[%emt 0:05:17]} Rb8 {[%emt 0:00:27]} 25. Ng3 {[%emt 0:00:25]} Rb6 {[%emt 0:01:15]} 26. Rxb6 {[%emt 0:05:56]} axb6 {[%emt 0:00:03]} 27. Qxb6 {[%emt 0:00:09]} Bxa2 {[%emt 0:01:34]} 28. Ngf5 {[%emt 0:01:36]} Be6 {[%emt 0:02:22]} 29. Rc7 {[%emt 0:00:28]} Qd8 {[%emt 0:00:24]} 30. Nxe6 {[%emt 0:03:38]} Rxe6 {[%emt 0:00:46]} 31. Qb7 {[%emt 0:01:43]} Qd1+ {[%emt 0:00:45]} 32. Kh2 {[%emt 0:00:04]} Qh5 {[%emt 0:00:13]} 33. Ng3 {[%emt 0:01:46]} Qg6 {[%emt 0:00:03]} 34. Ne2 {[%emt 0:07:41]} Re8 {[%emt 0:01:08]} 35. Nf4 {[%emt 0:00:21]} Qf5 {[%emt 0:00:51]} 36. g4 {[%emt 0:04:25]} Qe5 {[%emt 0:00:02]} 37. Kg2 {[%emt 0:01:10]} g5 {[%emt 0:01:17]} 38. Ne2 {[%emt 0:01:59]} Qd5 {[%emt 0:00:01]} 39. Qb6 {[%emt 0:02:07]} Re6 {[%emt 0:01:49]} 40. Rc8+ {[%emt 0:00:00]} Ne8 {[%emt 0:00:00]} 41. Qb8 {[%emt 0:01:10]} Qe5 {[%emt 0:01:09]} 42. Qa8 {[%emt 0:05:58]} Kh7 {[%emt 0:07:20]} 43. Nd4 {[%emt 0:01:42]} Re7 {[%emt 0:02:10]} 44. Nc6 {[%emt 0:01:46]} 1-0

[Event "AUT Bundesliga 2021-22"]
[Site "Graz"]
[Date "2022.03.24"]
[Round "5.31"]
[White "Georgiadis, Nico"]
[Black "Shengelia, David"]
[Result "1-0"]
[WhiteElo "2562"]
[BlackElo "2503"]
[Annotator "TA"]
[PlyCount "113"]
[EventDate "2021.11.04"]
[EventType "team-tourn"]
[EventCountry "AUT"]
[SourceTitle "playchess.com"]
[Source "ChessBase"]
[SourceQuality "1"]

{[%evp 9,113,36,39,41,37,49,56,62,67,46,34,45,58,65,60,51,85,33,42,50,126,125,127,129,143,146,138,132,151,155,162,153,173,160,152,130,136,82,132,136,144,145,143,137,113,124,114,123,129,127,191,191,186,196,175,151,158,154,151,151,150,155,231,227,210,148,143,148,240,241,157,0,140,0,170,153,154,156,343,336,395,389,29963,29964,29964,29965,29968,29969,29981,29982,29982,29983,29983,29984,29984,29985,29985,29986,29985,29983,29983,29984,29984,29985,29985,0]} 1. e4 c6 2. Nf3 d5 3. Nc3 a6 4. d4 Bg4 5. h3 {[%cal Bh2h3,Bh3h4][%mdl 32]} Bh5 6. exd5 {B11: Caro-Kann: Two Knights Variation.} cxd5 7. g4 Bg6 8. Ne5 {White is slightly better.} Nc6 9. h4 $1 {Strongly threatening Nxc6.} Nxe5 10. dxe5 {[%cal Bd4e5,Be5e6][%mdl 32] Hoping for h5.} h5 $1 11. Qxd5 Qxd5 12. Nxd5 {[%cal Bc3d5,Bd5b6,Bb6c4,Bc4e5,Be5g6][%mdl 32] Threatens to win with Nc7+.} O-O-O {To avoid Nc7} 13. Bg2 (13. Nb6+ $16 Kc7 14. Nc4) 13... hxg4 {[#]} 14. e6 $5 $146 {[%mdl 8] And now Bf4 would win. White has good play. An interesting novelty.} ({Predecessor:} 14. Bd2 e6 15. Nb6+ Kc7 16. Ba5 Kb8 17. O-O Bc5 18. Rfd1 Rxd1+ 19. Rxd1 Bxb6 20. Bxb6 Ne7 21. Rd7 Nd5 22. c4 Kc8 23. Rd6 {½-½ (23) Vorobiov,E (2565)-Maletin,P (2621) St Petersburg 2010}) 14... Nf6 (14... Rd6 $14) 15. Nb6+ $1 $16 Kc7 16. Nc4 Rd4 {To avoid Bf4+} 17. Ne5 Be4 (17... Bxc2 $2 18. Be3 (18. exf7 Kd6 $14) 18... Rb4 19. Rc1 (19. exf7 Kd6 $16) 19... Rxb2 20. Nxf7 $18) 18. O-O fxe6 19. Be3 Bxg2 20. Kxg2 Re4 21. Ng6 Rg8 22. Rad1 e5 23. Nxe5 {White is much more active.} (23. Rfe1 $142 $1) 23... e6 {[#]} (23... Rxe5 $2 24. Bf4 $18) ({Black should try} 23... g3) 24. Rfe1 $1 Be7 (24... Rxe5 $2 25. Bf4 Nd7 26. Bxe5+ Nxe5 27. Rxe5 $18) 25. Ng6 Bd6 26. Bd4 {Inhibits e5.} Rxe1 27. Rxe1 Kd7 28. c4 Nh5 29. Re4 g3 (29... Nf6 $16 30. Re3 Re8) 30. Be5 $18 Bxe5 31. Rxe5 {[%mdl 4096] Endgame KRN-KRN} ({Resist} 31. Nxe5+ Ke7 $16) 31... Nf6 32. Kxg3 Rc8 33. b3 Kd6 34. f3 {[%cal Bf2f3,Bf3f4][%mdl 32]} b6 35. Re3 Rc5 (35... Re8 $16 36. Re5 Re7) 36. Rd3+ Kc7 37. f4 {Black must now prevent Nf8.} Rf5 38. Kf3 Nd7 (38... Rh5 $16 {might work better.} 39. Nf8 Rxh4) 39. Re3 $1 Kd6 40. Rd3+ Kc7 41. Re3 Kd6 42. b4 a5 43. a3 a4 $2 {Loses the game.} (43... Rh5 $16 44. Rd3+ Kc7) 44. Ne5 {Rd3+ is the strong threat.} Nxe5+ 45. Rxe5 Rxe5 (45... Rf8 $18 46. c5+ bxc5) 46. fxe5+ {White mates.} Kxe5 {[#] KP-KP} 47. Ke3 $1 g6 {[#]} 48. Kd3 $1 Kf4 49. c5 bxc5 50. bxc5 {[%cal Bb4c5,Bc5c6][%mdl 32] K3P-K3P} Ke5 51. Kc4 Kf6 52. c6 Ke7 53. Kc5 e5 54. Kd5 e4 55. Kxe4 Kd6 56. Kf4 Kxc6 57. Ke4 $2 {[%mdl 32768] Weighted Error Value: White=0.11 (very precise) /Black=0.26 (precise) . Sensor Board Error (Ke4/e5)?} (57. Kg5 {mates} Kd7 58. Kxg6 Ke7 59. Kg7 Ke6 60. h5 Kd5 61. h6 Kc4 62. h7) 1-0

[Event "AUT Bundesliga 2021-22"]
[Site "Graz"]
[Date "2022.03.24"]
[Round "5.32"]
[White "Doric, Darko"]
[Black "Krassowizkij, Jaroslaw"]
[Result "1/2-1/2"]
[WhiteElo "2478"]
[BlackElo "2449"]
[Annotator "TA"]
[PlyCount "62"]
[EventDate "2021.11.04"]
[EventType "team-tourn"]
[EventCountry "AUT"]
[SourceTitle "playchess.com"]
[Source "ChessBase"]
[SourceQuality "1"]

{[%evp 12,62,16,29,34,26,22,29,33,29,18,26,31,27,33,25,26,30,26,27,26,22,19,25,18,5,7,0,0,0,0,0,0,0,0,0,0,-12,0,0,0,-12,-12,-12,-12,-9,0,-4,0,-4,0,0,0]} 1. d4 {Duda,Jan Krzysztof} d5 2. c4 e6 3. Nc3 Nf6 4. cxd5 Nxd5 5. e4 Nxc3 6. bxc3 c5 7. Rb1 cxd4 {D35: Queen's Gambit Declined: Exchange Variation.} 8. cxd4 Nc6 9. Bb5 a6 {White has an edge.} 10. Bxc6+ bxc6 11. Nf3 c5 12. O-O {[%cal Bh1f1,Bf1d1,Bd1d6][%mdl 32]} Be7 $1 {[#]} 13. Bf4 $146 ({Predecessor:} 13. Qc2 cxd4 14. Rd1 O-O 15. Rxd4 Qe8 16. e5 f5 17. Bg5 Rf7 18. Rb6 h6 19. Bxe7 Rxe7 {½-½ (34) Donchenko,A (2668)-Duda,J (2743) Wijk aan Zee 2021 CBM 200 [Duda,Jan Krzysztof]}) 13... O-O 14. dxc5 Qxd1 15. Rfxd1 {[#] Strongly threatening c6.} Bxc5 16. Bd6 Bxd6 17. Rxd6 Ra7 18. Nd4 {The position is equal.} Bd7 19. f4 Rc8 20. Kf2 Kf8 21. e5 Bb5 22. Rb4 Rac7 23. a4 Bc4 24. a5 g6 25. g3 Rc5 26. Rb7 Bd5 27. Ra7 Rxa5 {[#] And now ...Ra2+ would win.} 28. Rdxa6 Rac5 {Hoping for ...Rb8.} 29. Ra5 Rc4 30. Ra4 Rxa4 31. Rxa4 Rb8 {A balanced but interesting game.  Weighted Error Value: White=0.03 (flawless) /Black=0.02 (flawless)} 1/2-1/2

[Event "AUT Bundesliga 2021-22"]
[Site "Graz"]
[Date "2022.03.24"]
[Round "5.33"]
[White "Kvetny, Mark"]
[Black "Tica, Sven"]
[Result "1/2-1/2"]
[WhiteElo "2417"]
[BlackElo "2423"]
[Annotator "NA"]
[PlyCount "61"]
[EventDate "2021.11.04"]
[EventType "team-tourn"]
[EventCountry "AUT"]
[SourceTitle "playchess.com"]
[Source "ChessBase"]
[SourceQuality "1"]
[TimeControl "40/5400+30:1800+30"]

1. Nf3 {[%emt 0:00:02]} d5 {[%emt 0:00:11]} 2. e3 {[%emt 0:00:18]} Nf6 {[%emt 0:00:09]} 3. c4 {[%emt 0:00:06]} e6 {[%emt 0:00:05]} 4. b3 {[%emt 0:00:27]} b6 {[%emt 0:00:12]} 5. Bb2 {[%emt 0:00:52]} Bb7 $11 {[%emt 0:00:07]} 6. Nc3 {[%emt 0:01:06]} a6 {[%emt 0:00:10]} 7. cxd5 {[%emt 0:00:38]} exd5 {[%emt 0:00:07]} 8. d4 {[%emt 0:00:22]} Nbd7 {[%emt 0:00:11]} 9. g3 {[%emt 0:01:10]} Bd6 {[%emt 0:00:43]} 10. Bg2 {[%emt 0:00:06]} O-O {[%emt 0:00:30]} 11. O-O {[%emt 0:00:08]} Qe7 {[%emt 0:05:22]} 12. Qc2 {[%emt 0:03:49]} Rac8 {[%emt 0:03:57]} 13. Rfd1 {[%emt 0:02:16]} Rfd8 {[%emt 0:05:12]} 14. Rac1 {[%emt 0:06:49]} g6 {[%emt 0:13:11]} 15. Ne1 {[%emt 0:17:51]} Ne4 {[%emt 0:14:46]} 16. Nd3 {[%emt 0:00:47]} f5 {[%emt 0:06:02]} 17. Ne2 {[%emt 0:06:08]} Re8 {[%emt 0:03:45]} 18. h4 {[%emt 0:07:03]} a5 {[%emt 0:08:21]} 19. Nef4 {[%emt 0:07:07]} c6 {[%emt 0:00:58]} 20. Re1 {[%emt 0:03:25]} Ba6 {[%emt 0:03:28]} 21. Bf1 {[%emt 0:02:31]} Bb7 {[%emt 0:04:31]} 22. Qd1 {[%emt 0:05:51]} Qf7 {[%emt 0:03:51]} 23. Bg2 {[%emt 0:07:14]} Qe7 {[%emt 0:06:24]} 24. Rc2 {[%emt 0:04:22]} Ra8 {[%emt 0:06:52]} 25. a4 {[%emt 0:01:10]} Rac8 {[%emt 0:01:10]} 26. Qc1 {[%emt 0:01:26]} Qf7 {[%emt 0:02:10]} 27. Rd1 {[%emt 0:01:22]} Qe7 {[%emt 0:02:31]} 28. Ne1 {[%emt 0:04:55]} Ndf6 {[%emt 0:02:04]} 29. Ned3 {[%emt 0:00:53]} Nd7 {[%emt 0:00:20]} 30. Ne1 {[%emt 0:01:03]} Ndf6 {[%emt 0:00:06]} 31. Ned3 {[%emt 0:01:21]} 1/2-1/2